000
00309nam a2200121Ia 4500
008
190216s9999||||xx |||||||||||||| ||und||
100
_a
Maheshwari.P
245
0
_a
Introduction To The Embryology Of Angiosperms
260
_b
Tata Mcgrawhill Publishers
_c
1950
300
_a
453p
650
_a
Botany
942
_c
BK
999
_c
1254
_d
1254